Państwa graniczące z ZSRR - Statystyki

Ogólne statystyki
  • Ten quiz został rozwiązany 265 razy
    206 od ostatniego zresetowania
  • Średni wynik to 10 z 12
Statystyki odpowiedzi
Państwa % Poprawnych
Polska
98%
Chiny
94%
Finlandia
87%
Mongolia
85%
Rumunia
85%
Korea Północna
77%
Turcja
76%
Afganistan
75%
Iran
74%
Norwegia
71%
Czechosłowacja
69%
Węgry
68%
Nie znaleziono quizów pasujących do podanych kryteriów
Rozkład punktacji
Procent ludzi z każdym wynikiem
Percentyl według liczby udzielonych odpowiedzi
Twoja historia wyników
Nie rozwiązałeś tego quizu od ostatniego zresetowania